Sports Quiz

Random Sports or Baseball Quiz

MLB 20/20 Teammates Quiz Stats

 Plays Quiz Updated Nov 1, 2017

Score 0/84 Timer 08:00
0 Plays Today
% Correct
Alex Rodriguez
84.2%
Alex Rodriguez
84.2%
Alex Rodriguez
84.2%
Derek Jeter
81.8%
Derek Jeter
81.8%
Mookie Betts
79.4%
Ken Griffey, Jr.
78.2%
Ken Griffey, Jr.
78.2%
Jimmy Rollins
76.8%
Barry Bonds
76.1%
Barry Bonds
76.1%
Bobby Bonds
75.7%
Bobby Bonds
75.7%
Chase Utley
75.2%
Paul Goldschmidt
74.9%
Paul Goldschmidt
74.8%
Craig Biggio
73.3%
Jeff Bagwell
73%
Jeff Bagwell
73%
Dustin Pedroia
72%
Chipper Jones
71.2%
Andruw Jones
71.1%
José Ramírez
66.4%
David Wright
63.1%
Willie Mays
62.3%
Darryl Strawberry
61.4%
Darryl Strawberry
61.4%
Jacoby Ellsbury
61.1%
% Correct
Francisco Lindor
60.5%
Reggie Jackson
53.6%
Trevor Story
53.4%
Howard Johnson
52.2%
Howard Johnson
52.2%
Carlos Beltran
51.5%
Chris Young
50.7%
Chris Young
50.7%
Kevin Young
50.6%
Justin Upton
45.7%
Justin Upton
45.7%
George Bell
45.2%
Eric Davis
44.9%
Alan Trammell
44.8%
Alan Trammell
44.8%
Dante Bichette
44.3%
Jayson Werth
43%
Ian Kinsler
42.9%
Eric Davis
42.6%
Magglio Ordóñez
38.9%
A.J. Pollock
36.1%
Mark Reynolds
35.9%
Curtis Granderson
35.5%
Jose Canseco
33.2%
Andy Van Slyke
32.7%
Nelson Cruz
32.3%
Jose Cruz
32.2%
Andrew Benintendi
30.2%
% Correct
Kirk Gibson
30.2%
Kirk Gibson
30.2%
Ellis Burks
30.2%
Chris Sabo
30.1%
Al Martin
27.8%
Paul O'Neill
27.5%
Shawn Green
26.4%
Frank Robinson
26.1%
Jesse Barfield
24%
Ray Lankford
22.2%
Orlando Cepeda
20.5%
Jean Segura
20.2%
Ian Desmond
19.1%
Glenallen Hill
18%
Gary Sheffield
17.3%
Reggie Sanders
17.1%
Kevin McReynolds
15.9%
Don Baylor
15.8%
Ron Gant
15.5%
Bert Campaneris
12.8%
Ray Durham
11.9%
Eric Byrnes
10.7%
Vada Pinson
10.2%
Brian Jordan
10.1%
Raul Mondesi
8.6%
Kal Daniels
6%
Carl Everett
4.4%
Toby Harrah
3.3%

You're not logged in!

Compare scores with friends on all Sporcle quizzes.
OR
Log In

Show Comments

Extras

Top Quizzes Today


Score Distribution

Your Account Isn't Verified!

In order to create a playlist on Sporcle, you need to verify the email address you used during registration. Go to your Sporcle Settings to finish the process.

Report this User

Report this user for behavior that violates our Community Guidelines.

Details: